Almost Useless Trivia IX Quiz Stats

 Plays Quiz Updated Dec 15, 2016

Support Sporcle.
Go Orange.
Score 0/30 Timer 03:00
42 Plays Today
Trivia Question Answer % Correct
Which famous band had albums entitled 'Abbey Road,' 'Help!' and 'Let It Be'?The Beatles
89.8%
What search engine is a homophone of the number 1 followed by 100 zeroes?Google
89.4%
What number is huit in French but ocho in Spanish?eight
88.4%
What is the capital of Spain?Madrid
85%
What TV series had characters named Kirk, Spock, Sulu and Uhura?Star Trek
84.7%
What biblical ark builder's name was the most popular baby name in the US in 2013?Noah
82.9%
What does the 'S' in NASA stand for?Space
81.8%
What word follows Manchester, West Ham and Newcastle in English Premier League teams?United
78.4%
What female pop singer had #1 hits with 'Shake It Off' and 'Blank Space'?Taylor Swift
74.9%
On what temperature scale are the boiling and freezing points of water 100° and 0°?Celsius
73.9%
Which of Snow White's dwarf friends starts with the letter 'B'?Bashful
70%
What TV sitcom featured an actor, a chef, a paleontologist, a masseuse, a barista and Chandler? Friends
69.3%
In what month is Guy Fawkes day?November
67.4%
Which continent has the most countries on it?Africa
63.6%
What is the only country to begin with the letter 'O'?Oman
63.2%
Trivia Question Answer % Correct
What US state did George Washington, Thomas Jefferson and John Tyler hail from?Virginia
61.3%
What 1961 Disney movie's villain is Cruella de Vil?101 Dalmatians
61.1%
What do you call a 6-sided geometric figure?hexagon
59.6%
What double-reed musical instrument used to be called a hautbois?oboe
49.7%
What is the largest province of Canada?Québec
49.6%
What German Baroque composer penned the Brandenburg Concertos?J.S. Bach
41.2%
What weeklong African culture celebration always begins on December 26th?Kwanzaa
37.7%
Which MLB player holds the record for career home runs with 762?Barry Bonds
37.4%
Who wrote the books 'Little Women' and 'Jo's Boys'?Louisa May Alcott
35.3%
What is the name of either of the two long bones in the human forearm?ulna or radius
35%
What American TV presenter was best known for his 1993 show as the 'Science Guy'?Bill Nye
32.8%
Which Shakespearean tragic king has three daughters named Cordelia, Regan and Goneril?Lear
29.3%
Which British Prime Minister's last name can be rearranged to spell ROMANCE?David Cameron
28%
What is the colorful secret identity of Oliver Queen?Green Arrow
17.5%
What is the symbol for the chemical element antimony?Sb
14.9%

You're not logged in!

Compare scores with friends on all Sporcle quizzes.
OR
Log In
Forgot?

From the Vault

Snow Globes of World Cities & Landmarks

by needapausebutton

No matter what your older brother tells you, drinking the liquid inside of a snow globe will not grant you super powers.
Remove Ads.
Support Sporcle.
Get the best of Sporcle when you Go Orange. This ad-free experience offers more features, more stats, and more fun while also helping to support Sporcle. Thank you for becoming a member.

Show Comments

Extras

Top Quizzes Today


Score Distribution

Your Account Isn't Verified!

In order to create a playlist on Sporcle, you need to verify the email address you used during registration. Go to your Sporcle Settings to finish the process.

Report this User

Report this user for behavior that violates our Community Guidelines.

Details: